000 00307nam a2200109Ia 4500
008 220204s9999 xx 000 0 und d
082 _a339.5
_bRAY
100 _aRAY, Alok
245 0 _aTrade protection and economic policy: Essays in international economics
260 _aDelhi
_bMacmillan
_c1976
942 _cBK
999 _c25111
_d25111